000 01038nam a2200253Ia 4500
003 OSt
005 20220923211120.0
006 a|||||r|||| 00| 0
007 ta
008 220922b |||||||| |||| 00| 0 hin d
020 _a8181435850 (hbk)
_c225
024 _a234,528
037 _b481, 21/03/2008, Vani Prakashan
_cTextual
040 _aARTS
_cARTS
_bhin
041 _2hin
_ahin
082 _aO152v, P6
100 _aधवन, मधु; सुब्रह्मण्यन, जयलक्ष्मी, संपा.
_9158400
245 0 _aहिन्दी साहित्य का संक्षिप्त इतिहास
246 _aHindī sāhitya kā sankṣpunta itihāsa
260 _aनयी दिल्ली
_b वाणी प्रकाशन
_c2006
300 _a192पृ.
_ccm.
942 _hO152v, P6
_cTEXL
_2CC
999 _c295493
_d295493